[Event "Oberliga NRW 1920"]
[Site "Germany"]
[Date "2020.01.26"]
[Round "5.2"]
[White "Schiffer, Kai Uwe"]
[Black "Rezasade, Amir"]
[Result "0-1"]
[WhiteElo "2259"]
[BlackElo "2314"]
[PlyCount "54"]
[EventDate "2019.09.15"]
[EventType "team-tourn"]
[EventRounds "9"]
[EventCountry "GER"]
[SourceTitle "EXT 2022"]
[Source "ChessBase"]
[SourceDate "2021.10.06"]
[SourceVersion "1"]
[SourceVersionDate "2021.10.06"]
[SourceQuality "1"]
[WhiteTeam "Wattenscheid"]
[BlackTeam "Muelheim Nord II"]
[WhiteTeamCountry "GER"]
[BlackTeamCountry "GER"]

1. e4 c5 2. Nf3 d6 3. d4 cxd4 4. Nxd4 Nf6 5. Nc3 a6 6. h3 e6 7. g4 d5 8. Bg2 Nxe4 9. Nxe4 dxe4 10. Be3 Qd5 11. 0-0 Bd6 12. Nf5 Be5 13. Qxd5 exd5 14. Bd4 Bxd4 15. Nxd4 Nc6 16. Rad1 Be6 17. c4 0-0-0 18. cxd5 Bxd5 19. Nf5 g6 20. Ne3 Bxa2 21. Bxe4 Nd4 22. Kg2 Rhe8 23. f3 h6 24. Rf2 Ne6 25. Rc1+ Kb8 26. b3 Nf4+ 27. Kg3 Nd3 0-1

[Event "Oberliga NRW 1819"]
[Site "Germany"]
[Date "2019.05.12"]
[Round "9"]
[White "Schiffer, Kai Uwe"]
[Black "Van den Doel, Erik"]
[Result "0-1"]
[WhiteElo "2283"]
[BlackElo "2604"]
[PlyCount "76"]
[EventDate "2018.09.16"]
[EventType "team-tourn"]
[EventRounds "9"]
[EventCountry "GER"]
[SourceTitle "EXT 2020"]
[Source "ChessBase"]
[SourceDate "2019.10.17"]
[SourceVersion "1"]
[SourceVersionDate "2019.10.17"]
[SourceQuality "1"]
[WhiteTeam "Wattenscheid"]
[BlackTeam "Koeln Porz"]
[WhiteTeamCountry "GER"]
[BlackTeamCountry "GER"]

1. e4 e5 2. Nf3 Nc6 3. d4 exd4 4. Nxd4 Nf6 5. Nxc6 bxc6 6. e5 Qe7 7. Qe2 Nd5 8. c4 Nb6 9. Nc3 Qe6 10. Qe4 g6 11. f4 Bb4 12. Bd2 0-0 13. 0-0-0 Rb8 14. f5 Qxf5 15. Qxf5 gxf5 16. Bh6 Re8 17. Rd3 Re6 18. Bf4 d6 19. exd6 Bxd6 20. Bxd6 cxd6 21. c5 dxc5 22. Rd8+ Kg7 23. Bd3 Re5 24. Rf1 Ra8 25. Rf4 Nd5 26. Ra4 a5 27. Rh4 Nxc3 28. bxc3 Rd5 29. Rxd5 cxd5 30. Rh5 Kf6 31. g4 fxg4 32. Rxd5 c4 33. Be4 Ra7 34. Bxh7 Re7 35. Rc5 Bd7 36. Rc7 Bb5 37. Rc8 Re2 38. Bc2 Rxh2 0-1

[Event "Oberliga NRW 1415"]
[Site "Germany"]
[Date "2014.11.16"]
[Round "3.2"]
[White "Hopman, Pieter"]
[Black "Schiffer, Kai Uwe"]
[Result "1/2-1/2"]
[WhiteElo "2363"]
[BlackElo "2234"]
[PlyCount "62"]
[EventDate "2014.09.14"]
[EventType "team-tourn"]
[EventRounds "9"]
[EventCountry "GER"]
[SourceTitle "EXT 2017"]
[Source "ChessBase"]
[SourceDate "2016.10.25"]
[SourceVersion "1"]
[SourceVersionDate "2016.10.25"]
[SourceQuality "1"]
[WhiteTeam "Wattenscheid"]
[BlackTeam "Duisburg PSV"]
[WhiteTeamCountry "GER"]
[BlackTeamCountry "GER"]

1. d4 d5 2. c4 e6 3. Nf3 c5 4. cxd5 exd5 5. g3 Nf6 6. Bg2 Be7 7. 0-0 0-0 8. Nc3 Nc6 9. Bg5 c4 10. Ne5 Be6 11. Nxc6 bxc6 12. b3 h6 13. Bxf6 Bxf6 14. Na4 Rc8 15. Nc5 Bf5 16. bxc4 dxc4 17. e3 Be7 18. Qa4 Bxc5 19. dxc5 Bd3 20. Rfd1 Qe7 21. Rac1 Rfd8 22. Bxc6 Qxc5 23. Bd7 Be2 24. Rd4 Rc7 25. Bh3 Rxd4 26. exd4 Qc6 27. Qxc6 Rxc6 28. Bf1 Bxf1 29. Kxf1 Kf8 30. Ke2 Ke7 31. Rc3 Ra6 1/2-1/2

[Event "Oberliga NRW 1415"]
[Site "Germany"]
[Date "2014.09.14"]
[Round "1.2"]
[White "Schiffer, Kai Uwe"]
[Black "Trella, Thomas"]
[Result "1/2-1/2"]
[WhiteElo "2234"]
[BlackElo "2378"]
[PlyCount "50"]
[EventDate "2014.09.14"]
[EventType "team-tourn"]
[EventRounds "9"]
[EventCountry "GER"]
[SourceTitle "EXT 2017"]
[Source "ChessBase"]
[SourceDate "2016.10.25"]
[SourceVersion "1"]
[SourceVersionDate "2016.10.25"]
[SourceQuality "1"]
[WhiteTeam "Duisburg PSV"]
[BlackTeam "Dinslaken"]
[WhiteTeamCountry "GER"]
[BlackTeamCountry "GER"]

1. e4 e6 2. d4 d5 3. Nc3 Nf6 4. e5 Nfd7 5. f4 c5 6. Nf3 Qb6 7. Na4 Qc6 8. c3 b6 9. b3 Be7 10. Bd2 0-0 11. b4 Ba6 12. Rb1 Bxf1 13. Rxf1 f6 14. Qb3 fxe5 15. fxe5 c4 16. Qc2 Rf7 17. Bg5 Bxg5 18. Nxg5 Rxf1+ 19. Kxf1 Nf8 20. Kg1 h6 21. Nh3 Qe8 22. Rf1 Nbd7 23. g3 Qg6 24. Qxg6 Nxg6 25. a3 a6 1/2-1/2

[Event "NRW Class1 1314"]
[Site "Germany"]
[Date "2014.04.27"]
[Round "9.2"]
[White "Schiffer, Kai Uwe"]
[Black "Dahm, Jochen"]
[Result "1-0"]
[WhiteElo "2219"]
[BlackElo "2248"]
[PlyCount "97"]
[EventDate "2013.09.15"]
[EventType "team-tourn"]
[EventRounds "9"]
[EventCountry "GER"]
[SourceTitle "EXT 2015"]
[Source "ChessBase"]
[SourceDate "2014.11.20"]
[SourceVersion "1"]
[SourceVersionDate "2014.11.20"]
[SourceQuality "1"]
[WhiteTeam "Duisburg PSV"]
[BlackTeam "Bochum II"]
[WhiteTeamCountry "GER"]
[BlackTeamCountry "GER"]

1. e4 c5 2. Nf3 d6 3. d4 cxd4 4. Nxd4 Nf6 5. Nc3 a6 6. f3 e5 7. Nb3 Be6 8. Be3 Be7 9. Qd2 0-0 10. 0-0-0 a5 11. Kb1 a4 12. Nc1 Ra5 13. Bb5 a3 14. b3 Qc7 15. Bd3 Qc6 16. N3e2 Ra8 17. c4 Na6 18. Nc3 Nc5 19. Nd5 Bxd5 20. cxd5 Qd7 21. Ne2 Rfc8 22. Rc1 b5 23. Rc2 Qb7 24. Rhc1 Nfd7 25. b4 Rcb8 26. Ka1 Nxd3 27. Qxd3 Bd8 28. Rc6 Ra6 29. Rxa6 Qxa6 30. Rc6 Qa4 31. Qb3 Qxb3 32. axb3 Be7 33. Rc7 Kf8 34. Rxd7 Rc8 35. Ra7 Rc2 36. Ra8+ Bd8 37. Bb6 Rxe2 38. Bxd8 f6 39. Bc7+ Ke7 40. Ra6 Rxg2 41. Bxd6+ Kd7 42. Bc5 Rxh2 43. Ra7+ Kc8 44. Rxg7 h5 45. Rh7 h4 46. d6 Rd2 47. Rxh4 Kd7 48. Rh7+ Ke8 49. d7+ 1-0

[Event "NRW Class1 1314"]
[Site "Germany"]
[Date "2013.11.17"]
[Round "3.1"]
[White "Forchert, Martin"]
[Black "Schiffer, Kai Uwe"]
[Result "1/2-1/2"]
[WhiteElo "2267"]
[BlackElo "2219"]
[PlyCount "99"]
[EventDate "2013.09.15"]
[EventType "team-tourn"]
[EventRounds "9"]
[EventCountry "GER"]
[SourceTitle "EXT 2015"]
[Source "ChessBase"]
[SourceDate "2014.11.20"]
[SourceVersion "1"]
[SourceVersionDate "2014.11.20"]
[SourceQuality "1"]
[WhiteTeam "Bielefeld"]
[BlackTeam "Duisburg PSV"]
[WhiteTeamCountry "GER"]
[BlackTeamCountry "GER"]

1. e4 e5 2. Nf3 Nc6 3. Bb5 a6 4. Bxc6 dxc6 5. 0-0 Qf6 6. d4 exd4 7. Bg5 Qd6 8. Nxd4 Bd7 9. Nc3 Be7 10. Be3 0-0-0 11. Qe1 Nh6 12. f3 Rhe8 13. Rd1 Qg6 14. Qf2 Bd6 15. Nde2 Kb8 16. Bf4 Bxf4 17. Nxf4 Qg5 18. Nd3 f5 19. f4 Qh5 20. e5 b6 21. Qf3 Qxf3 22. Rxf3 Nf7 23. Ne1 Be6 24. Rfd3 Rxd3 25. Rxd3 g5 26. g3 Rg8 27. Kf2 a5 28. a3 h6 29. Ng2 Kc8 30. Ne3 Nd8 31. Ne2 Rf8 32. b4 axb4 33. axb4 Bd7 34. Ra3 Kb7 35. Nd4 gxf4 36. gxf4 c5 37. bxc5 bxc5 38. Rb3+ Ka6 39. Ne2 Ne6 40. Nd5 Bb5 41. Rh3 Rh8 42. Rg3 Be8 43. Ke3 Kb5 44. Rg1 Kc4 45. Ne7 Nd4 46. Nxd4 cxd4+ 47. Kd2 Rh7 48. Ng8 c5 49. Nf6 Re7 50. Nxe8 1/2-1/2

[Event "Groningen op-A 50th"]
[Site "Groningen"]
[Date "2012.12.23"]
[Round "3"]
[White "Schiffer, Kai Uwe"]
[Black "Van Osch, Mees"]
[Result "1-0"]
[WhiteElo "2300"]
[BlackElo "2090"]
[PlyCount "125"]
[EventDate "2012.12.21"]
[EventType "swiss"]
[EventRounds "9"]
[EventCountry "NED"]
[SourceTitle "CBM 152 Extra"]
[Source "ChessBase"]
[SourceDate "2013.02.25"]
[SourceVersion "1"]
[SourceVersionDate "2013.02.25"]
[SourceQuality "1"]

1. e4 c5 2. Nf3 d6 3. d4 cxd4 4. Nxd4 Nf6 5. Nc3 Nc6 6. Bg5 Bd7 7. Qd2 Rc8 8. f4 Ng4 9. 0-0-0 Qb6 10. Nf5 Bxf5 11. exf5 Ne3 12. Nd5 Nxd5 13. Qxd5 Qc5 14. Qxc5 dxc5 15. Bc4 g6 16. f6 e6 17. Rhe1 Rd8 18. Bb5 h6 19. Bxc6+ bxc6 20. Bh4 Bd6 21. Bg3 0-0 22. Re3 Kh7 23. Red3 Bc7 24. Rd7 Bb6 25. h4 c4 26. b3 cxb3 27. cxb3 Kg8 28. Be1 Rxd7 29. Rxd7 Rd8 30. Rxd8+ Bxd8 31. Bc3 g5 32. h5 gxf4 33. Kd2 Bc7 34. Kd3 Kf8 35. Ke4 Ke8 36. Bd4 a6 37. Bc5 Bd8 38. Bd4 Bc7 39. Bc3 c5 40. Bb2 Kd7 41. Bc1 Kc6 42. Bd2 Bd6 43. Bc1 Bc7 44. Bd2 Bd6 45. Be1 Kd7 46. Bh4 e5 47. Kd5 e4 48. Kxe4 Ke6 49. a4 Be5 50. Bf2 Bd6 51. Bg1 Bf8 52. Bh2 Kxf6 53. Bxf4 Ke6 54. g4 f6 55. Be3 f5+ 56. gxf5+ Kf6 57. Bd2 Kf7 58. Be1 Be7 59. Bf2 Bf8 60. Kd5 Be7 61. Bxc5 Bg5 62. Bd4 Ke7 63. Kc6 1-0

[Event "Oberliga NRW 1213"]
[Site "Germany"]
[Date "2012.11.18"]
[Round "3.5"]
[White "Schiffer, Kai Uwe"]
[Black "Mueller, Michael"]
[Result "1-0"]
[WhiteElo "2232"]
[BlackElo "2150"]
[PlyCount "77"]
[EventDate "2012.09.16"]
[EventType "team-tourn"]
[EventRounds "9"]
[EventCountry "GER"]
[SourceTitle "EXT 2017"]
[Source "ChessBase"]
[SourceDate "2016.10.25"]
[SourceVersion "1"]
[SourceVersionDate "2016.10.25"]
[SourceQuality "1"]
[WhiteTeam "Duisburg PSV"]
[BlackTeam "Duesseldorf"]
[WhiteTeamCountry "GER"]
[BlackTeamCountry "GER"]

1. e4 e6 2. d4 d5 3. Nc3 Bb4 4. e5 Ne7 5. a3 Bxc3+ 6. bxc3 Bd7 7. h4 Ba4 8. h5 h6 9. Bd3 c5 10. Nf3 c4 11. Bf1 Kd7 12. g3 Qg8 13. Bh3 Qh7 14. Ra2 Kc7 15. 0-0 Nd7 16. Nh4 Rhg8 17. Kh2 Nb6 18. Ng2 Rae8 19. Re1 Kb8 20. Ne3 Ka8 21. Bd2 Bc6 22. Qf3 Na4 23. Raa1 Rgf8 24. Qe2 a6 25. Rab1 Ka7 26. Rf1 Nc8 27. f4 f6 28. f5 fxe5 29. dxe5 exf5 30. Nxf5 g6 31. Nd4 gxh5 32. Qxh5 Nc5 33. Be3 Ka8 34. Nxc6 Qxc2+ 35. Bg2 Nd3 36. Nd4 Qa2 37. e6 Ne7 38. Rxf8 Rxf8 39. Rf1 1-0

[Event "Oberliga NRW 1112"]
[Site "Germany"]
[Date "2012.02.05"]
[Round "6.5"]
[White "Schiffer, Kai Uwe"]
[Black "Krieg, Nikolaj"]
[Result "1/2-1/2"]
[WhiteElo "2248"]
[BlackElo "2321"]
[PlyCount "46"]
[EventDate "2011.09.18"]
[EventType "team-tourn"]
[EventRounds "9"]
[EventCountry "GER"]
[SourceTitle "EXT 2015"]
[Source "ChessBase"]
[SourceDate "2014.11.20"]
[SourceVersion "1"]
[SourceVersionDate "2014.11.20"]
[SourceQuality "1"]
[WhiteTeam "Duisburg PSV"]
[BlackTeam "Solingen II"]
[WhiteTeamCountry "GER"]
[BlackTeamCountry "GER"]

1. e4 c5 2. c3 d5 3. exd5 Qxd5 4. d4 Nf6 5. Nf3 e6 6. Be3 cxd4 7. cxd4 Be7 8. Nc3 Qd8 9. Bd3 0-0 10. 0-0 b6 11. Qe2 Bb7 12. Rad1 a6 13. Rfe1 b5 14. Bg5 b4 15. Ne4 Nbd7 16. Bxf6 Nxf6 17. Ne5 Nxe4 18. Bxe4 Bxe4 19. Qxe4 Bf6 20. d5 Bxe5 21. Qxe5 exd5 22. Rxd5 Qb6 23. g3 Rac8 1/2-1/2

[Event "Groningen op-A"]
[Site "Groningen"]
[Date "2009.12.21"]
[Round "1"]
[White "Schiffer, Kai Uwe"]
[Black "Ten Vergert, Paul"]
[Result "1/2-1/2"]
[WhiteElo "2318"]
[BlackElo "2071"]
[PlyCount "101"]
[EventDate "2009.12.21"]
[EventType "swiss"]
[EventRounds "9"]
[EventCountry "NED"]
[SourceTitle "CBM 134 Extra"]
[Source "ChessBase"]
[SourceDate "2010.03.03"]
[SourceVersion "1"]
[SourceVersionDate "2010.03.03"]
[SourceQuality "1"]

1. Nf3 c5 2. c4 Nf6 3. Nc3 g6 4. e4 d6 5. d4 cxd4 6. Nxd4 Nc6 7. Be2 Nxd4 8. Qxd4 Bg7 9. Bg5 0-0 10. Qd2 Re8 11. Rc1 Be6 12. f3 Rc8 13. b3 Qa5 14. h4 Nh5 15. Nd5 Qxd2+ 16. Kxd2 Kf8 17. Bd3 Ng3 18. Rhe1 b6 19. Rc2 h6 20. Be3 Red8 21. Rec1 f5 22. Nf4 Bf7 23. Bf2 fxe4 24. fxe4 Nh5 25. Nxh5 gxh5 26. Be3 Bg6 27. b4 Kg8 28. a4 Kh7 29. a5 bxa5 30. b5 Bf6 31. Ra2 Rc7 32. Rxa5 Rdd7 33. g3 Be5 34. Bf2 e6 35. Rc2 Rf7 36. Be3 Bxg3 37. Ra6 Rcd7 38. Rca2 Bf2 39. Bxf2 Rxf2+ 40. Kc3 Rxa2 41. Rxa2 e5 42. Ra6 Kg7 43. Bc2 Kf7 44. Ba4 Bxe4 45. b6 Rd8 46. Rxa7+ Kf6 47. Kb4 Bf3 48. c5 dxc5+ 49. Kxc5 Rd5+ 50. Kc4 Rd4+ 51. Kc5 1/2-1/2

[Event "Oberliga NRW 0809"]
[Site "Germany"]
[Date "2009.01.04"]
[Round "5.5"]
[White "Schiffer, Kai Uwe"]
[Black "Hirsch, Stefan"]
[Result "1-0"]
[WhiteElo "2334"]
[BlackElo "2238"]
[PlyCount "59"]
[EventDate "2008.09.21"]
[EventType "team-tourn"]
[EventRounds "9"]
[EventCountry "GER"]
[SourceTitle "EXT 2010"]
[Source "ChessBase"]
[SourceDate "2010.11.25"]
[SourceVersion "1"]
[SourceVersionDate "2010.11.25"]
[SourceQuality "1"]
[WhiteTeam "Duisburg"]
[BlackTeam "Wattenscheid II"]
[WhiteTeamCountry "GER"]
[BlackTeamCountry "GER"]

1. e4 e5 2. Nf3 Nc6 3. Bc4 Bc5 4. c3 Nf6 5. d3 d6 6. 0-0 a6 7. Nbd2 0-0 8. Re1 Na5 9. d4 exd4 10. cxd4 Nxc4 11. Nxc4 Bb4 12. Bd2 Bxd2 13. Ncxd2 c5 14. Rc1 b6 15. Nc4 Nxe4 16. dxc5 Nxc5 17. b4 Ne6 18. Nxd6 Rb8 19. Ne5 Qg5 20. Qf3 Qf4 21. Qxf4 Nxf4 22. Nc6 Be6 23. Nxb8 Rxb8 24. Rc8+ Rxc8 25. Nxc8 g6 26. Nxb6 Nd3 27. Re4 Bxa2 28. Nd7 Be6 29. Nc5 Bf5 30. Rd4 1-0

[Event "Groningen op-A"]
[Site "Groningen"]
[Date "2008.12.27"]
[Round "6"]
[White "Van Assendelft, Floris"]
[Black "Schiffer, Kai Uwe"]
[Result "1-0"]
[WhiteElo "2253"]
[BlackElo "2334"]
[PlyCount "127"]
[EventDate "2008.12.21"]
[EventType "swiss"]
[EventRounds "9"]
[EventCountry "NED"]
[SourceTitle "CBM 127 Extra"]
[Source "ChessBase"]
[SourceDate "2009.01.08"]
[SourceVersion "2"]
[SourceVersionDate "2009.01.28"]
[SourceQuality "1"]

1. e4 e5 2. Nf3 Nf6 3. Nc3 Nc6 4. g3 d6 5. h3 g6 6. d4 exd4 7. Nxd4 Nxd4 8. Qxd4 Bg7 9. Bg5 0-0 10. 0-0-0 Be6 11. Qd2 c6 12. Kb1 Qb6 13. Bg2 d5 14. Be3 Qc7 15. exd5 cxd5 16. Nb5 Qd7 17. Nd4 Ne4 18. Qa5 b6 19. Qb5 Qe7 20. Nxe6 fxe6 21. Bxe4 dxe4 22. Rd7 Qf6 23. Bd4 e5 24. Qd5+ Kh8 25. Be3 Rad8 26. Rd1 Rxd7 27. Qxd7 Rf7 28. Qd8+ Bf8 29. Qxf6+ Rxf6 30. Rd8 Kg7 31. Rd7+ Rf7 32. Rxf7+ Kxf7 33. a4 Ke6 34. a5 bxa5 35. Bxa7 a4 36. c4 h5 37. Kc2 Bb4 38. Be3 Kd7 39. Kb1 Kc6 40. Ka2 Be7 41. b3 axb3+ 42. Kxb3 Bf8 43. Ba7 Be7 44. Kc3 Bf8 45. Kd2 Bh6+ 46. Ke2 Kd7 47. f3 exf3+ 48. Kxf3 Bd2 49. Bb8 Kc6 50. Ke4 Kc5 51. Kxe5 Kxc4 52. Kf6 g5 53. Kg6 h4 54. g4 Kd3 55. Bc7 Ke4 56. Bd8 Kf3 57. Bxg5 Bxg5 58. Kxg5 Kg3 59. Kf5 Kxh3 60. g5 Kg2 61. g6 h3 62. g7 h2 63. g8Q+ Kh1 64. Kg4 1-0

[Event "Groningen op-A"]
[Site "Groningen"]
[Date "2008.12.26"]
[Round "5"]
[White "Schiffer, Kai Uwe"]
[Black "Pham, Toan Thanh"]
[Result "1-0"]
[WhiteElo "2334"]
[BlackElo "2117"]
[PlyCount "49"]
[EventDate "2008.12.21"]
[EventType "swiss"]
[EventRounds "9"]
[EventCountry "NED"]
[SourceTitle "CBM 127 Extra"]
[Source "ChessBase"]
[SourceDate "2009.01.08"]
[SourceVersion "2"]
[SourceVersionDate "2009.01.28"]
[SourceQuality "1"]

1. e4 c5 2. Nc3 Nc6 3. Bb5 Nd4 4. Bc4 g6 5. Nf3 Nxf3+ 6. Qxf3 e6 7. d3 d6 8. 0-0 Bg7 9. Qg3 Ne7 10. Nb5 e5 11. f4 0-0 12. fxe5 dxe5 13. Bg5 a6 14. Nc3 Qd6 15. Qh4 Nc6 16. Nd5 Be6 17. Rf2 Bxd5 18. Bxd5 Rac8 19. Raf1 Rc7 20. c3 c4 21. dxc4 Na5 22. c5 Qxc5 23. b4 Qxc3 24. bxa5 Qxa5 25. Bd8 1-0

[Event "Groningen op-A"]
[Site "Groningen"]
[Date "2008.12.23"]
[Round "3"]
[White "Schiffer, Kai Uwe"]
[Black "Admiraal, Miguoel"]
[Result "1/2-1/2"]
[WhiteElo "2334"]
[BlackElo "1953"]
[PlyCount "55"]
[EventDate "2008.12.21"]
[EventType "swiss"]
[EventRounds "9"]
[EventCountry "NED"]
[SourceTitle "CBM 127 Extra"]
[Source "ChessBase"]
[SourceDate "2009.01.08"]
[SourceVersion "2"]
[SourceVersionDate "2009.01.28"]
[SourceQuality "1"]

1. d4 d5 2. c4 c6 3. Nc3 Nf6 4. e3 g6 5. Nf3 Bg7 6. Be2 0-0 7. 0-0 Bg4 8. cxd5 cxd5 9. Qb3 b6 10. h3 Bc8 11. Ne5 Bb7 12. Bd2 Nc6 13. Nxc6 Bxc6 14. Ba6 b5 15. Bxb5 Rb8 16. Qa4 Bxb5 17. Nxb5 Ne4 18. Rfd1 Qe8 19. Nc3 Nxc3 20. Qxe8 Ne2+ 21. Kf1 Rfxe8 22. Kxe2 Rxb2 23. Rdb1 Reb8 24. Rxb2 Rxb2 25. a4 e6 26. Rc1 Bf8 27. Kd1 a5 28. Rc2 1/2-1/2

[Event "Groningen op-A"]
[Site "Groningen"]
[Date "2008.12.21"]
[Round "1"]
[White "Schiffer, Kai Uwe"]
[Black "Sparenberg, Erik"]
[Result "1-0"]
[WhiteElo "2334"]
[BlackElo "2041"]
[PlyCount "88"]
[EventDate "2008.12.21"]
[EventType "swiss"]
[EventRounds "9"]
[EventCountry "NED"]
[SourceTitle "CBM 127 Extra"]
[Source "ChessBase"]
[SourceDate "2009.01.08"]
[SourceVersion "2"]
[SourceVersionDate "2009.01.28"]
[SourceQuality "1"]

1. d4 Nf6 2. Bg5 e6 3. e4 h6 4. Bxf6 Qxf6 5. c3 g6 6. Bd3 Bg7 7. e5 Qe7 8. Ne2 d6 9. f4 Bd7 10. 0-0 Bc6 11. Nd2 Nd7 12. Ng3 h5 13. Qe2 h4 14. Nge4 Bxe4 15. Nxe4 d5 16. Ng5 0-0-0 17. Qg4 Kb8 18. b4 Nf8 19. Rae1 Rh5 20. Re3 Bh6 21. Rh3 Bxg5 22. fxg5 Nd7 23. Qf4 Rf8 24. Rxh4 Rxh4 25. Qxh4 a5 26. a3 Nb6 27. Qf4 Nd7 28. h4 c6 29. g4 b5 30. Kg2 a4 31. Rf3 Kc7 32. h5 Rh8 33. Qxf7 Qxg5 34. Qf4 Qxf4 35. Rxf4 gxh5 36. g5 Rg8 37. g6 Rg7 38. Kh3 Kd8 39. Kh4 Ke7 40. Kxh5 Rg8 41. Rf7+ Ke8 42. Kh6 Nf8 43. Rh7 Nxg6 44. Bxg6+ Kd8 1-0